000 00529cam a2200157 4500500
005 20251228090925.0
041 _afre
042 _adc
100 1 0 _aPailloux, Louis
_eauthor
700 1 0 _aFaguer, Nicolas
_eauthor
245 0 0 _aEntretien avec Louis Pailloux
260 _c2020.
500 _a23
786 0 _nBulletin de l’Amitié Charles Péguy | 170 | 2 | 2020-04-29 | p. 208-212 | 0180-8567
856 4 1 _uhttps://shs.cairn.info/revue-bulletin-de-lamitie-charles-peguy-2020-2-page-208?lang=fr&redirect-ssocas=7080
999 _c1602893
_d1602893